000
00335nam a22001457a 4500
008
221004b ||||| |||| 00| 0 eng d
020
_a
9780273704324
041
_a
eng
080
_2
fourth edition
_a
338
082
_a
338 MAY
100
_a
23.1
101
_a
MENAXHMENT
245
_a
PROJECT MANAGEMENT
_c
MAYLOR H
942
_2
udc
_c
BK
999
_c
58334
_d
58334